03288cam a22003615a 4500001001000000003000300010005001700013008004100030015001900071016001800090020001900108020001500127040003600142042001100178082002100189245014500210260004200355300006300397500002400460504004100484505095100525520098701476650005002463650005202513650003902565651001002604653002402614700004302638700004302681942002502724999001702749952016002766016964296Uk20160816133528.0140917s2015 I a frb 001|0|eng|d aGBB4D68122bnb7 a0169642962Uk a9781118607626  a1118607627 aStDuBDSbengcStDuBDSdEG-ScBUE aukblsr04222a617.632bMIN00aMinimally invasive periodontal therapy :bclinical techniques and visualization technology /cedited by Stephen K. Harrel, Thomas G. Wilson. aAmes, Iowa :bWiley-Blackwell,c2015. axi, 178 p. :bill. (black and white, and colour) ;c25 cm. aIndex : p. 171-178. aIncludes bibliographical references. aOverview of minimally invasive therapy / Stephen K. Harrel and Thomas G. Wilson, Jr. -- Visualization for minimally invasive periodontal therapy : an overview / Stephen K. Harrel -- Ultrasonic endoscopic periodontal debridement / John Y. Kwan and Suzanne Newkirk -- Endoscope use in daily hygiene practice / Kara Webb and Angela Anderson -- The use of the dental endoscope and videoscope for diagnosis and treatment of peri-implant diseases / Thomas G. Wilson, Jr. -- Development of minimally invasive periodontal surgical techniques / Stephen K. Harrel -- The MIS and V-MIS surgical procedure / Stephen K. Harrel -- Minimally invasive surgical technique (MIST) and modified-MIST (M-MIST) in periodontal regeneration / Dott Pierpaolo (Sandro) Cortellini -- Minimally invasive soft tissue grafting / Edward P. Allen and Lewis C. Cummings -- Future potential for minimally invasive periodontal therapy / Stephen K. Harrel and Thomas G. Wilson, Jr. aThe long-term success of periodontal therapy is dependent on proper diagnosis and removal of subgingival tooth-borne accretions in the form of calculus and bacteria. From a clinical perspective, better visualization during the diagnostic and therapeutic phases has been shown to yield better results compared to traditional approaches. Minimally Invasive Periodontal Therapy evaluates the advantages of using minimal invasive techniques, the technologies available for enhancing visualization during minimally invasive therapy, and step-by-step illustrates the clinical use of each technique. Each chapter addresses the advantages and disadvantages of minimally invasive therapies, rationale for the approach, and the advantages and limitations of each of the current methods of improving visualization. The chapters then provide an evidence-based review of the technologies and procedures, and end with case studies for each visualization procedure, featuring clinical photographs. 7aPeriodontal diseasexTreatment.2BUEsh940770 7aDental instruments and apparatus.2BUEsh940769 7aDentistry xMethods.2BUEsh940771 2BUEsh bDDentcAugust 2016 1 aHarrel, Stephen K.‏ eeditor.9407721 aWilson, Thomas G.cJr.eeditor.940773 2ddce22k617.632 MIN c22182d22154 00102ddc40708AcademicaMAINbMAINc1STd2016-08-16ePurchaseg840.00h9126l2m16o617.632 MINp000033194r2025-07-15 00:00:00s2022-04-11v1050.00yBB